النبات / (رقم التسجيلة. 53762)
[ عرض عادي ]
| 000 -LEADER | |
|---|---|
| fixed length control field | 00394nam a22001457a 4500 |
| 005 - DATE AND TIME OF LATEST TRANSACTION | |
| control field | 20251108171003.0 |
| 008 - FIXED-LENGTH DATA ELEMENTS--GENERAL INFORMATION | |
| fixed length control field | 250721s1985 xx 000 0 ara d |
| 082 14 - DEWEY DECIMAL CLASSIFICATION NUMBER | |
| Classification number | م/580/نبا |
| 245 10 - TITLE STATEMENT | |
| Title | النبات / |
| 264 1# - PRODUCTION, PUBLICATION, DISTRIBUTION, MANUFACTURE, AND COPYRIGHT NOTICE | |
| Place of production, publication, distribution, manufacture | جنيف : |
| Name of producer, publisher, distributor, manufacturer | شركة ترادكسيم، |
| Date of production, publication, distribution, manufacture, or copyright notice | 1985. |
| 300 ## - PHYSICAL DESCRIPTION | |
| Extent | 160ص : مصور |
| 490 0# - SERIES STATEMENT | |
| Series statement | سلسلة كتاب المعرفة |
| 942 ## - ADDED ENTRY ELEMENTS (KOHA) | |
| Source of classification or shelving scheme | Dewey Decimal Classification |
| Koha item type | مراجع |
| حالة السحب | حالة الفقدان | مصدر التصنيف | حالة التلف | غير قابل للإعارة | المكتبة الرئيسية | المكتبة الحالية | موقع الرف | تاريخ التزويد | الرقم المتسلسل | Total Checkouts | رقم الإستدعاء | الباركود | تاريخ آخر ظهور | تاريخ الفاتورة | نوع المادة (كوها) |
|---|---|---|---|---|---|---|---|---|---|---|---|---|---|---|---|
| Dewey Decimal Classification | Not For Loan | مكتبة حمزة العامة | مكتبة حمزة العامة | مراجع | 06/07/2004 | 1947 | م/580/نبا | DUP-01_1947 | 28/07/2025 | 06/07/2004 | مراجع |